000
00324 a2200157 4500
001
161175
020
_a
040
_c
Magnum
100
_a
Arrabal, Jose
240
1
0
_a
Arai pele de tigre
_l
por
245
1
0
_a
Arai pele de tigre
362
0
_a
1899
440
1
_a
Do Brasil
697
_a
IJ/LENDAS, FOLCLORE
942
_c
BK
999
_c
161175
_d
161175